[Event "Wch Juvenil 2013 sub-16"]
[Site "Al-Ain UAE"]
[Date "2013.12.26"]
[Round "9.61"]
[White "Neagu, Mihai-Cosmin"]
[Black "Kwon, Sehyun"]
[Result "1/2-1/2"]
[WhiteElo "2069"]
[BlackElo "1706"]
[PlyCount "87"]
[EventDate "2013.12.19"]
[EventType "swiss"]
[EventRounds "11"]
[EventCountry "UAE"]
[Source "lmi"]
[SourceDate "2013.12.19"]

1. d4 Nf6 2. c4 e6 3. Nc3 Bb4 4. e3 O-O 5. Nge2 b6 6. a3 Be7 7. Ng3 Bb7 8. f3
d5 9. cxd5 exd5 10. Nf5 Re8 11. Nxe7+ Qxe7 12. Be2 c5 13. O-O Nc6 14. dxc5 Qxc5
15. Nb5 Ne5 16. b3 Ba6 17. a4 Red8 18. Nd4 Bxe2 19. Qxe2 Nc6 20. Bb2 Nxd4 21.
Bxd4 Qb4 22. Qb5 Qxb5 23. axb5 Ne8 24. Be5 f6 25. Bg3 Nd6 26. Bxd6 Rxd6 27.
Rfd1 Rd7 28. Ra4 Rc8 29. Rd3 Rc5 30. Rb4 Kf7 31. Kf2 Rdc7 32. g4 g5 33. Kg3 Rc3
34. Rxd5 Rxe3 35. Rc4 Rce7 36. b4 Rb3 37. Rf5 Rb2 38. h4 h6 39. Rc6 Re6 40.
Rc7+ Re7 41. Rxe7+ Kxe7 42. hxg5 hxg5 43. f4 Rb3+ 44. Kf2 1/2-1/2

[Event "Wch Juvenil 2013 sub-16"]
[Site "Al-Ain UAE"]
[Date "2013.12.27"]
[Round "10.20"]
[White "Ibrahim, Sultan"]
[Black "Lamard, Guillaume"]
[Result "0-1"]
[WhiteElo "1954"]
[BlackElo "2288"]
[PlyCount "52"]
[EventDate "2013.12.19"]
[EventType "swiss"]
[EventRounds "11"]
[EventCountry "UAE"]
[Source "lmi"]
[SourceDate "2013.12.19"]

1. d4 d5 2. c4 c6 3. cxd5 cxd5 4. Nc3 Nc6 5. Bf4 e5 6. dxe5 d4 7. Ne4 Qa5+ 8.
Nd2 Nge7 9. Ngf3 Ng6 10. Bg3 Be7 11. a3 Be6 12. b4 Qd5 13. Rc1 a5 14. Qa4 O-O
15. b5 Ncxe5 16. Rd1 Rfd8 17. Nxe5 Nxe5 18. Bxe5 Qxe5 19. Nf3 Qc5 20. Nxd4 Qc3+
21. Rd2 Bxa3 22. Qc2 Bb4 23. e3 a4 24. Bd3 a3 25. Ke2 a2 26. Rhd1 Qxc2 0-1

[Event "Wch Juvenil 2013 sub-16"]
[Site "Al-Ain UAE"]
[Date "2013.12.27"]
[Round "10.32"]
[White "Barros Rivadeneira, Cristhian"]
[Black "Abe, Mahiro"]
[Result "1-0"]
[WhiteElo "2243"]
[BlackElo "2009"]
[PlyCount "67"]
[EventDate "2013.12.19"]
[EventType "swiss"]
[EventRounds "11"]
[EventCountry "UAE"]
[Source "lmi"]
[SourceDate "2013.12.19"]

1. c4 Nf6 2. Nc3 g6 3. e4 d6 4. d4 Bg7 5. Nf3 O-O 6. Be2 e5 7. O-O Nc6 8. d5
Ne7 9. b4 Nh5 10. Re1 f5 11. Nd2 Nf6 12. a4 Rf7 13. c5 Bf8 14. Ba3 f4 15. Nc4
g5 16. b5 Ng6 17. b6 axb6 18. cxb6 g4 19. g3 h5 20. Nb5 Nxe4 21. Qc2 fxg3 22.
fxg3 Bf5 23. Bd3 Ng5 24. Bxf5 Nf3+ 25. Kh1 Nf4 26. bxc7 Qg5 27. gxf4 Qxf4 28.
Be6 g3 29. Qg6+ Kh8 30. Qxf7 g2+ 31. Kxg2 Nxe1+ 32. Rxe1 Qg5+ 33. Kh1 Bh6 34.
Bxd6 1-0

[Event "Wch Juvenil 2013 sub-16"]
[Site "Al-Ain UAE"]
[Date "2013.12.27"]
[Round "10.46"]
[White "Mezhlumyan, Marat"]
[Black "Foo, William J"]
[Result "0-1"]
[WhiteElo "1927"]
[BlackElo "2144"]
[PlyCount "100"]
[EventDate "2013.12.19"]
[EventType "swiss"]
[EventRounds "11"]
[EventCountry "UAE"]
[Source "lmi"]
[SourceDate "2013.12.19"]

1. Nf3 Nf6 2. g3 b5 3. a4 b4 4. d3 Bb7 5. Nbd2 d5 6. Nb3 e6 7. Bg2 c5 8. O-O
Be7 9. c3 bxc3 10. bxc3 Nbd7 11. Nfd2 O-O 12. c4 Rb8 13. Qc2 d4 14. Ba3 Re8 15.
Rfb1 Qc7 16. Bxb7 Rxb7 17. f3 h5 18. Ne4 h4 19. Kf2 Nh5 20. Rg1 f5 21. Ned2
hxg3+ 22. hxg3 Nxg3 23. Rxg3 Bh4 24. Rag1 f4 25. Ne4 fxg3+ 26. Kg2 Be7 27. Nxg3
Nf6 28. Nd2 Reb8 29. Nde4 Bd6 30. Nxf6+ gxf6 31. Ne4 Kf7 32. Rh1 Rg8+ 33. Kf2
Rg7 34. a5 f5 35. Nxd6+ Qxd6 36. Rh3 Rb8 37. Qd1 Rbg8 38. Qh1 Ke8 39. Bc1 Qe5
40. Bh6 Rg2+ 41. Qxg2 Rxg2+ 42. Kxg2 Qxe2+ 43. Kg3 Qxd3 44. Bf4 Qxc4 45. Rh8+
Kd7 46. Rh7+ Kc6 47. Rxa7 d3 48. Ra8 Qd5 49. Ra6+ Kb5 50. Rd6 Qxd6 0-1

[Event "Wch Juvenil 2013 sub-16"]
[Site "Al-Ain UAE"]
[Date "2013.12.27"]
[Round "10.60"]
[White "Liu, Andrew"]
[Black "Taalaibekov, Tagir"]
[Result "1-0"]
[WhiteElo "2236"]
[BlackElo "1927"]
[PlyCount "59"]
[EventDate "2013.12.19"]
[EventType "swiss"]
[EventRounds "11"]
[EventCountry "UAE"]
[Source "lmi"]
[SourceDate "2013.12.19"]

1. d4 Nf6 2. c4 e6 3. Nc3 Bb4 4. f3 c5 5. d5 Bxc3+ 6. bxc3 d6 7. e4 e5 8. Bd3
O-O 9. Ne2 Ne8 10. g4 Qh4+ 11. Ng3 h5 12. gxh5 Bh3 13. Be3 f5 14. exf5 Bxf5 15.
O-O Bxd3 16. Qxd3 Nd7 17. Qg6 Qf6 18. Qg4 Nb6 19. a4 Qf7 20. a5 Nf6 21. Qh4 Nc8
22. Ra2 b5 23. axb6 Nxb6 24. Rg2 Nfd7 25. Ne4 Nxc4 26. Bh6 Qf5 27. Rg5 Kh7 28.
Rxf5 Rxf5 29. Qg4 Rf7 30. Ng5+ 1-0

[Event "Wch Juvenil 2013 sub-16"]
[Site "Al-Ain UAE"]
[Date "2013.12.27"]
[Round "10.67"]
[White "Choi, Ian"]
[Black "Darling, Simeon C"]
[Result "1/2-1/2"]
[WhiteElo "1655"]
[BlackElo "1928"]
[PlyCount "119"]
[EventDate "2013.12.19"]
[EventType "swiss"]
[EventRounds "11"]
[EventCountry "UAE"]
[Source "lmi"]
[SourceDate "2013.12.19"]

1. d4 Nf6 2. c4 e6 3. Nc3 Bb4 4. e3 b6 5. Nge2 Ne4 6. Bd2 Nxd2 7. Qxd2 Bb7 8.
a3 Be7 9. Nf4 d6 10. f3 Nd7 11. b4 Bh4+ 12. Kd1 a5 13. b5 O-O 14. Bd3 Bg5 15.
Nh3 f5 16. Kc2 Bf6 17. Nf4 Qe7 18. Rae1 Bg5 19. d5 Bxf4 20. exf4 e5 21. Re2 Qf6
22. Rhe1 Rae8 23. Nd1 Re7 24. Qc3 Rfe8 25. fxe5 dxe5 26. Kb1 Nc5 27. Nf2 Bc8
28. Bc2 Qd6 29. Nd3 Nxd3 30. Qxd3 Bd7 31. g4 e4 32. fxe4 fxe4 33. Rxe4 Rxe4 34.
Rxe4 Rxe4 35. Qxe4 Qxh2 36. Kb2 g6 37. Qd4 Qd6 38. Qe4 Qf6+ 39. Kb3 Kg7 40. Bd1
Kg8 41. Be2 Qd6 42. Qe3 Kg7 43. Qd4+ Kg8 44. Qe3 Kf7 45. Qh3 Kg7 46. Qe3 h6 47.
Qd4+ Kh7 48. Qe3 Kg7 49. Qd4+ Kh7 50. Qe3 Kg7 51. Qd4+ Kg8 52. Qe3 Kh7 53. Qf2
Qe7 54. Bf3 Be8 55. Qe2 Qd7 56. Kb2 Bf7 57. Kb3 Qd6 58. Qd3 Qe7 59. Qe2 Qc5 60.
Qd3 1/2-1/2

[Event "Wch Juvenil 2013 sub-16"]
[Site "Al-Ain UAE"]
[Date "2013.12.29"]
[Round "11.44"]
[White "Daskalov, Dimitar"]
[Black "Malhotra, Tarun"]
[Result "0-1"]
[WhiteElo "2156"]
[BlackElo "1988"]
[PlyCount "58"]
[EventDate "2013.12.19"]
[EventType "swiss"]
[EventRounds "11"]
[EventCountry "UAE"]
[Source "lmi"]
[SourceDate "2013.12.19"]

1. e4 c5 2. Nc3 Nc6 3. f4 e6 4. Nf3 d5 5. Bb5 Nge7 6. exd5 exd5 7. Qe2 g6 8.
Ne5 Qd6 9. Nxd5 Qxd5 10. Bc4 Qd6 11. Nxf7 Qf6 12. d3 Rg8 13. Ng5 Nd4 14. Qf2
Rg7 15. c3 Ndf5 16. Ne4 Qb6 17. O-O Nd6 18. Nxd6+ Qxd6 19. Re1 Kd8 20. f5 gxf5
21. Qf4 Qc6 22. d4 b5 23. d5 Qb6 24. Be2 Ng6 25. Qe3 Bd7 26. b4 Rc8 27. d6 Qxd6
28. Rd1 f4 29. Bg4 Rc7 0-1